000 00731nas a2200241 4500
001 BR0808578
003 BR-BrBNA
005 20231205112857.0
007 ta
008 230509b bl.|||p| |||| 00| 00por d
040 _aBR-BrBNA
_bpor
_cBiblioteca Nacional de Agricultura
041 _a(Pt)
072 _aE71
100 1 _aAbitante, K.G.
245 1 _aCo-integração entre os mercados spot e futuro: evidências dos mercados de boi gordo e soja
650 _aMERCADO
650 _aBOI
650 _aSOJA
650 _aCUSTO
773 0 _tRevista de Economia e Sociologia Rural (Brazil)
_xISSN 0103-2003
_g(Jan-Mar 2008), v. 46(1) p. 75-96
_wBR0808578
909 _a202311
_bLúcia
_c55
_dLúcia Elande
942 _2AGRIS
_n0
_cANA
999 _c200538
_d200538